000
00301nam a22001337a 4500
008
170405b xxu||||| |||| 00| 0 eng d
020
_a
072162054X
041
_a
eng
080
_a
616.15
100
_a
9
101
_a
SHM
245
_a
FUNDAMENTALS OF IMMUNOLOGY AND ALLERGY
_c
LOCKEY
942
_2
udc
_c
BK
999
_c
9897
_d
9897